000 00830nam a2200229Ia 4500
003 GCL
008 140319s9999 xx 000 0 ara d
040 _aGCL /
_cGCL
082 0 4 _a371.33
_bج أ
100 1 _aجودت احمد سعادة
245 1 0 _aاستخدام الحاسوب والانترنت فى ميادين التربية والتعليم /
_cجودت احمد سعادة
700 1 _aعادل فايز السرطاوى
250 _aالاولى
260 _aالاردن :
_bدار الشروق ،
_c2003
300 _a384 ص ؛
_c24 سم
650 0 4 _aالتعليم - مناهج
650 0 4 _aالتعليم - طرق البحث
650 0 4 _aالتعليم - خدمات المعلومات
650 0 4 _aالتعليم - تطوير
650 0 4 _aالتعليم - الانترنت
942 _2ddc
_cBK
999 _c10122
_d10122